Berserk - band of the hawk - Statistics

General Stats
  • This quiz has been taken 62 times
  • The average score is 7 of 8
Answer Stats
Rank Name % Correct
Unit commander Casca
100%
General Griffith
100%
Captain Guts
100%
Knight Pippin
94%
Unit commander Judeau
90%
Knight Corkus
77%
Knight Rickert
77%
Officer Gaston
67%
No matching quizzes found
Score Distribution
Percent of People with Each Score
Percentile by Number Answered
Your Score History
You have not taken this quiz